000
00365nam a2200133Ia 4500
008
151001s9999||||xx |||||||||||||| ||und||
100
_a
हरी नारायण आपटे
245
_a
केवळ स्वराज्यासाठी
250
_a
3
260
_b
अ वि पटवर्धन
260
_c
1927
300
_a
352
365
_b
8.5
999
_c
948373
_d
948370